| 000 | 00603nam a2200205Ia 4500 | ||
|---|---|---|---|
| 005 | 20250923145011.0 | ||
| 008 | 008 250917s9999 xx 000 0 eng d | ||
| 037 | _aTextual | ||
| 040 |
_aDSWL _beng _cDSWL |
||
| 041 |
_aeng _2eng |
||
| 084 |
_aQ29M86iX, K5 _qDSWL |
||
| 100 |
_aMajumdar, R.C. _9830716 |
||
| 245 | 0 |
_aSwami Vivekananda : A historical review _cby R.C. Majumdar |
|
| 260 |
_aCalcutta _bGeneral Printers & Pub. Pvt.Ltd _c1965 |
||
| 300 | _aviii,155 p. | ||
| 365 |
_aINR _b10 |
||
| 925 | _g10 | ||
| 942 |
_cTEXL _hQ29M86iX, K5 |
||
| 999 |
_c1445885 _d1445885 |
||